| 000 | 00938nam a22002417a 4500 | ||
|---|---|---|---|
| 999 |
_c17427 _d17427 |
||
| 003 | AR-CdUCM | ||
| 008 | 190508b ||||| |||| 00| 0 spa d | ||
| 040 |
_aMUNICIPALIDAD PROVINCIAL DEL CUSCO _cBIBLIOTECA MUNICIPAL DEL CUSCO |
||
| 041 | _hfre | ||
| 082 |
_a947.084 / _bT82 |
||
| 100 |
_aTrotsky, León _925802 |
||
| 245 | _aComo hicimos la revolución de octubre / | ||
| 260 |
_aMéxico : _bGrijalbo, _c1968. |
||
| 300 |
_a156 páginas ; _c19 cm. |
||
| 440 |
_aColección 70. _n25 _937438 |
||
| 505 | _aContenido: La revolución de noviembre -- El espíritu del pueblo para la ofensiva -- El levantamiento de Kornilov -- Complicaciones en la situación interna -- El Consejo democrático -- El concejo militar revolucionario ... | ||
| 650 |
_aRevolución _9844 |
||
| 650 |
_aRusia _9499 |
||
| 650 |
_aHistoria _9136 |
||
| 700 |
_aGayá Nicolau, Guillermo (traducción) _931057 |
||
| 942 |
_2ddc _cLIBROS |
||
| 945 |
_aachl _d2019-05-08 |
||